Philosophy of mathematics and natural science /

Guardado en:
Autor Principal: Weyl, Hermann, 1885-1955.
Otros Autores: Helmer-Hirschberg, Olaf. (Traductor)
Formato: Libro
Idioma:English
German
Publicado: Princeton : Princeton University Press, 1949.
Edición:Rev. and augm. English ed. /
Etiquetas: Agregar Etiqueta
Sin Etiquetas, Sea el primero en etiquetar este registro!
LEADER 01031nam a22002415a 4500
001 MAT.inmabb000567
008 031118s1949####nju###########001#0#eng#d
005 20170801141721.0
245 1 0 |a Philosophy of mathematics and natural science /  |c by Hermann Weyl. 
250 |a Rev. and augm. English ed. /  |b based on a translation by Olaf Helmer. 
260 |a Princeton :  |b Princeton University Press,  |c 1949. 
300 |a x, 311 p. ;  |c 23 cm. 
500 |a Parts of this book were originally published by R. Oldenbourg in German in 1927 in "Handbuch der Philosophie" under the title "Philosophie der Mathematik und Naturwissenschaft." 
510 4 |a MR,  |c MR0029851 
100 1 |a Weyl, Hermann,  |d 1885-1955. 
240 1 0 |a Philosophie der Mathematik und Naturwissenschaft.  |l Inglés 
700 1 |a Helmer-Hirschberg, Olaf.  |4 trl 
740 0 |a Handbuch der Philosophie 
084 |a 00A30  |2 msc2000 
010 |a  49009797  
041 1 |a eng  |h ger 
859 |h 00A30  |i W548  |p A-362  |b BIB. MATEMATICA 
859 |h 00A30  |i W548  |p A-1045  |t Ej. 2  |b BIB. MATEMATICA